[Event "Knighthood Blitz"]
[Site "Vishy Anand Arena"]
[Date "2020.08.01"]
[Round "2"]
[White "Gk06"]
[Black "Toosieslide"]
[Result "1-0"]
[WhiteElo "2428"]
[BlackElo "1988"]
[Annotator "NA"]
[PlyCount "81"]
[EventDate "2020.08.01"]
[EventType "swiss (blitz)"]

1. d4 d5 2. c4 c6 3. Nf3 Nf6 4. Nc3 e6 5. Bg5 Nbd7 6. e3 Qa5 7. Nd2 dxc4 8. Bxf6 Nxf6 9. Nxc4 Qc7 10. g3 Be7 11. Bg2 O-O 12. O-O b6 13. Rc1 Bb7 14. Ne5 Rac8 15. Nb5 Qb8 16. Nxc6 Bxc6 17. Rxc6 a6 18. Rxc8 Rxc8 19. Nc3 b5 20. Qd3 b4 21. Ne2 Qb6 22. Rc1 Rxc1+ 23. Nxc1 g6 24. Qc4 Kg7 25. Nd3 a5 26. e4 Nd7 27. e5 Qa7 28. d5 exd5 29. Bxd5 Nb6 30. Qd4 Qc7 31. Be4 Nc4 32. e6+ Bf6 33. Qd5 fxe6 34. Qxe6 Nxb2 35. Nf4 Qe7 36. Qd5 Qe5 37. Ne6+ Kf7 38. Ng5+ Kg7 39. Qf7+ Kh6 40. Qxh7+ Kxg5 41. Qh4# 1-0

[Event "Knighthood Blitz"]
[Site "Vishy Anand Arena"]
[Date "2020.08.01"]
[Round "2"]
[White "Hitter1999"]
[Black "V-Bernadskiy"]
[Result "0-1"]
[WhiteElo "2424"]
[BlackElo "2506"]
[Annotator "NA"]
[PlyCount "164"]
[EventDate "2020.08.01"]
[EventType "swiss (blitz)"]

1. e4 c6 2. d4 d5 3. Nd2 dxe4 4. Nxe4 Bf5 5. Ng3 Bg6 6. h4 h6 7. Nh3 e6 8. Nf4 Bh7 9. c3 Nf6 10. Bc4 Bd6 11. Qf3 O-O 12. Ngh5 Nbd7 13. Nxf6+ Qxf6 14. Nh5 Qxf3 15. gxf3 Bg6 16. Nf4 Bf5 17. Rg1 Nf6 18. Be3 Kh7 19. O-O-O b5 20. Bb3 a5 21. Nd3 b4 22. c4 a4 23. Bc2 Rfb8 24. Bb1 Nd7 25. Bf4 Bxf4+ 26. Nxf4 Bxb1 27. Kxb1 Nb6 28. b3 axb3 29. axb3 Ra3 30. Kb2 g6 31. Nd3 Kg7 32. h5 g5 33. f4 f6 34. fxg5 hxg5 35. f4 Kh6 36. fxg5+ fxg5 37. Rg3 Rba8 38. Nxb4 Nxc4+ 39. Kc3 Nd6 40. Re1 Nb5+ 41. Kc4 Nc7 42. Nxc6 R3a6 43. Ne5 Rc8 44. Kd3 Rf8 45. Rf3 Rxf3+ 46. Nxf3 Rb6 47. Kc4 Kxh5 48. Ne5 g4 49. Rh1+ Kg5 50. Rg1 Nd5 51. Rxg4+ Kf5 52. Rg3 Rb4+ 53. Kc5 Rb8 54. Rf3+ Ke4 55. Rf7 Rxb3 56. Nc4 Rc3 57. Rh7 Ne3 58. Rh4+ Kd3 59. Kd6 Rxc4 60. Kxe6 Rc6+ 61. Kd7 Rc4 62. Rh3 Rxd4+ 63. Ke6 Re4+ 64. Kd6 Kd4 65. Kc6 Nc4 66. Kb5 Ne5 67. Kb4 Nd3+ 68. Kb5 Nf4 69. Kb6 Nd5+ 70. Kc6 Nf4 71. Rh4 Re6+ 72. Kd7 Rf6 73. Ke7 Ke5 74. Rh1 Nd5+ 75. Kd7 Rd6+ 76. Ke8 Nf6+ 77. Ke7 Ne4 78. Kf8 Rf6+ 79. Ke7 Rb6 80. Kd7 Nf6+ 81. Kc7 Rd6 82. Re1+ Kf5 0-1

[Event "Knighthood Blitz"]
[Site "Vishy Anand Arena"]
[Date "2020.08.01"]
[Round "2"]
[White "Pranav_vip"]
[Black "Thor_attack"]
[Result "1-0"]
[WhiteElo "2411"]
[BlackElo "1847"]
[Annotator "TA"]
[PlyCount "49"]
[EventDate "2020.08.01"]
[EventType "swiss (blitz)"]

1. e4 e5 2. Nf3 Nf6 3. Nc3 Bb4 4. Bc4 O-O 5. d3 d6 6. Bd2 Bg4 7. h3 Bh5 8. g4 Bg6 9. h4 h5 10. g5 Ng4 11. Nd5 Bc5 12. Ne3 Nxe3 13. fxe3 c6 14. Bb3 d5 15. Nxe5 Bd6 16. Nxg6 Bg3+ 17. Kf1 fxg6+ 18. Kg2 Qd6 19. Rf1 Rxf1 20. Qxf1 Bxh4 21. Qf4 Qxf4 22. exf4 Nd7 23. Rh1 Bxg5 24. fxg5 Rf8 25. exd5 1-0

[Event "Knighthood Blitz"]
[Site "Vishy Anand Arena"]
[Date "2020.08.01"]
[Round "2"]
[White "CREATOR 1198"]
[Black "michaelraj_98"]
[Result "1-0"]
[WhiteElo "2371"]
[BlackElo "1964"]
[Annotator "NA"]
[PlyCount "79"]
[EventDate "2020.08.01"]
[EventType "swiss (blitz)"]

1. d4 Nf6 2. c4 e6 3. Nc3 Bb4 4. Qc2 d5 5. cxd5 exd5 6. Bg5 O-O 7. e3 h6 8. Bh4 Be6 9. Bd3 Nbd7 10. Nge2 Rc8 11. O-O a6 12. Nf4 c6 13. Rab1 Qc7 14. Rfc1 g5 15. Nxe6 fxe6 16. Bg3 Bd6 17. Qe2 Bxg3 18. hxg3 Kg7 19. b4 e5 20. dxe5 Nxe5 21. Bf5 Rce8 22. a4 Qd6 23. b5 axb5 24. axb5 Nc4 25. bxc6 bxc6 26. Rb7+ Re7 27. Rcb1 Rfe8 28. Qd3 Rxb7 29. Rxb7+ Re7 30. Rb1 Qe5 31. Ne2 Nd6 32. g4 Nxf5 33. gxf5 Ne4 34. Nd4 Rf7 35. Nxc6 Qxf5 36. Qd4+ Qf6 37. f3 Qxd4 38. Nxd4 Nd6 39. Rb6 Rd7 40. Rxd6 1-0

[Event "Knighthood Blitz"]
[Site "Vishy Anand Arena"]
[Date "2020.08.01"]
[Round "2"]
[White "Pshyaamnikhil"]
[Black "Pavala"]
[Result "1-0"]
[WhiteElo "2366"]
[BlackElo "2092"]
[PlyCount "69"]
[EventDate "2020.08.01"]
[EventType "swiss (blitz)"]

1. e4 a6 2. Nf3 b5 3. c4 Bb7 4. Qc2 bxc4 5. Bxc4 e6 6. O-O Nf6 7. Nc3 d6 8. d4 Nbd7 9. Re1 Nb6 10. Bd3 Be7 11. a4 c5 12. dxc5 dxc5 13. a5 Nbd7 14. e5 Nd5 15. Nxd5 Bxd5 16. Be4 h6 17. Bxd5 exd5 18. e6 Nf6 19. Ne5 O-O 20. exf7+ Rxf7 21. Nxf7 Kxf7 22. Bf4 d4 23. Qe2 Qd7 24. Qc4+ Qd5 25. Qe2 Qd7 26. Be5 Re8 27. Qxa6 d3 28. Rad1 Rd8 29. Qc4+ Qd5 30. Qxd5+ Rxd5 31. a6 c4 32. a7 Rd8 33. Bb8 d2 34. Rxe7+ Kxe7 35. a8=Q 1-0

[Event "Knighthood Blitz"]
[Site "Vishy Anand Arena"]
[Date "2020.08.01"]
[Round "2"]
[White "Gupta_Sankalp"]
[Black "Babysnake"]
[Result "1-0"]
[WhiteElo "2360"]
[BlackElo "2439"]
[PlyCount "179"]
[EventDate "2020.08.01"]
[EventType "swiss (blitz)"]

1. e4 c6 2. Nf3 d5 3. Nc3 dxe4 4. Nxe4 Nf6 5. Qe2 Nxe4 6. Qxe4 Be6 7. c4 Nd7 8. d4 Nf6 9. Qh4 Bg4 10. Be2 e6 11. O-O Be7 12. h3 Bf5 13. Rd1 O-O 14. Qf4 Bd6 15. Qe3 h6 16. b3 Qc7 17. Bb2 Bf4 18. Qc3 Ne4 19. Qe1 Rad8 20. Bd3 Nd6 21. Ne5 Bxd3 22. Rxd3 Nf5 23. Rad1 h5 24. g3 Bxe5 25. Qxe5 Qd6 26. g4 hxg4 27. hxg4 Nh6 28. Qxd6 Rxd6 29. Ba3 Rfd8 30. Bxd6 Rxd6 31. f3 Kf8 32. d5 exd5 33. cxd5 c5 34. a3 Ng8 35. b4 cxb4 36. axb4 Nf6 37. Kf2 a6 38. Ke3 Ke7 39. g5 Ne8 40. Rc3 Kd7 41. Ke4 Rb6 42. Rb3 Nd6+ 43. Kf4 Rb5 44. Rd4 a5 45. Re3 b6 46. bxa5 bxa5 47. Rc3 g6 48. Kg4 Nf5 49. Rd2 Rb4+ 50. f4 a4 51. Rdc2 Kd6 52. Kf3 Kxd5 53. Rd2+ Ke6 54. Rc7 Rb3+ 55. Kf2 Nd6 56. Rc6 Kf5 57. Rcxd6 Kxf4 58. R2d5 Rb2+ 59. Rd2 Rb3 60. R6d4+ Kxg5 61. Rxa4 f5 62. Ra6 Kh5 63. Rad6 g5 64. R6d3 Rb4 65. Kg3 f4+ 66. Kg2 Kg4 67. Rc3 Rb8 68. Rc5 Re8 69. Rdd5 Rg8 70. Kf2 Rg7 71. Re5 Rg8 72. Rc1 Rg7 73. Rg1+ Kh4 74. Re8 Kh5 75. Rf8 Kg6 76. Rxf4 Ra7 77. Rfg4 Ra2+ 78. Ke1 Ra5 79. Kd2 Kh5 80. Kc3 Kg6 81. R4g2 Rf5 82. Kb4 Kh5 83. Kc4 Kg6 84. Kd4 Rf4+ 85. Ke5 Rf5+ 86. Ke6 Rf4 87. Rxg5+ Kh6 88. R5g2 Rh4 89. Rg8 Kh5 90. Rh8# 1-0

[Event "Knighthood Blitz"]
[Site "Vishy Anand Arena"]
[Date "2020.08.01"]
[Round "2"]
[White "Vignesh nr"]
[Black "ilamparthi"]
[Result "1-0"]
[WhiteElo "2349"]
[BlackElo "2088"]
[PlyCount "107"]
[EventDate "2020.08.01"]
[EventType "swiss (blitz)"]

1. c4 g6 2. Nc3 Bg7 3. g3 d6 4. Bg2 e5 5. Nf3 Ne7 6. O-O c5 7. e3 O-O 8. d4 Nbc6 9. dxc5 dxc5 10. Qe2 Bf5 11. Rd1 Qc7 12. Nd5 Nxd5 13. cxd5 Nb8 14. e4 Bd7 15. Be3 b6 16. Rac1 Rd8 17. b4 c4 18. Rxc4 Qd6 19. Qb2 Bb5 20. Rcc1 Nd7 21. Nd2 Rac8 22. Qb3 Bf8 23. a3 Nb8 24. Nc4 Qe7 25. Bf1 Nd7 26. d6 Qe6 27. a4 Ba6 28. b5 Bb7 29. f3 Nc5 30. Qb2 Bxd6 31. a5 Be7 32. axb6 axb6 33. Qxe5 Qxe5 34. Nxe5 Bf6 35. Rxd8+ Rxd8 36. Nc6 Rc8 37. e5 Bd8 38. Nxd8 Rxd8 39. Bxc5 bxc5 40. f4 Rc8 41. Bg2 Bxg2 42. Kxg2 Kf8 43. Kf3 Ke7 44. Ke4 Ke6 45. Kd3 Kd5 46. Kc3 Rb8 47. Rd1+ Ke4 48. Kc4 Rc8 49. Rd7 h5 50. Rxf7 Kf3 51. b6 Kg2 52. b7 Rb8 53. e6 Kxh2 54. e7 1-0

[Event "Knighthood Blitz"]
[Site "Vishy Anand Arena"]
[Date "2020.08.01"]
[Round "2"]
[White "Uzbektiger95"]
[Black "Adityass"]
[Result "1-0"]
[WhiteElo "2339"]
[BlackElo "2216"]
[Annotator "NA"]
[PlyCount "43"]
[EventDate "2020.08.01"]
[EventType "swiss (blitz)"]

1. c4 Nf6 2. Nc3 e6 3. e4 e5 4. Nf3 Nc6 5. Be2 Bc5 6. Nxe5 Nxe5 7. d4 Bd6 8. c5 Bxc5 9. dxe5 Ng8 10. O-O Ne7 11. Kh1 d6 12. exd6 Qxd6 13. Qxd6 Bxd6 14. Nb5 O-O 15. Nxd6 cxd6 16. Bf4 d5 17. Bd6 Re8 18. Bb5 Nc6 19. exd5 a6 20. Rfe1 Rd8 21. dxc6 axb5 22. c7 1-0

[Event "Knighthood Blitz"]
[Site "Vishy Anand Arena"]
[Date "2020.08.01"]
[Round "2"]
[White "Arjunkalyan"]
[Black "Phoenix92"]
[Result "0-1"]
[WhiteElo "2274"]
[BlackElo "2493"]
[Annotator "NA"]
[PlyCount "80"]
[EventDate "2020.08.01"]
[EventType "swiss (blitz)"]

1. e4 c5 2. Nf3 Nc6 3. d4 cxd4 4. Nxd4 Nf6 5. Nc3 e5 6. Ndb5 d6 7. Bg5 a6 8. Na3 b5 9. Nd5 Be7 10. Bxf6 Bxf6 11. c3 Rb8 12. Nc2 Bg5 13. Be2 O-O 14. O-O a5 15. Na3 b4 16. Nb5 Be6 17. a4 bxa3 18. Rxa3 Kh8 19. Qd3 g6 20. Bf3 Ne7 21. Nxe7 Bxe7 22. Raa1 Qb6 23. c4 f5 24. b3 Bg8 25. Rad1 d5 26. exd5 e4 27. Bxe4 fxe4 28. Qxe4 Bc5 29. Qe5+ Qf6 30. Qxf6+ Rxf6 31. Rd2 Re8 32. d6 Be6 33. Re1 Rd8 34. h3 Bd7 35. Re5 Bb4 36. Rd3 Bxb5 37. Rxb5 Rfxd6 38. Rxd6 Rxd6 39. Rb7 Rd3 40. c5 Bxc5 0-1

[Event "Knighthood Blitz"]
[Site "Vishy Anand Arena"]
[Date "2020.08.01"]
[Round "2"]
[White "Altomisayoc"]
[Black "Position"]
[Result "0-1"]
[WhiteElo "2265"]
[BlackElo "2074"]
[PlyCount "114"]
[EventDate "2020.08.01"]
[EventType "swiss (blitz)"]

1. d4 Nf6 2. Nf3 b6 3. e3 Bb7 4. c4 g6 5. Nc3 Bg7 6. Bd3 O-O 7. O-O d6 8. Qe2 Nbd7 9. Rd1 c5 10. d5 Ng4 11. Rb1 Nge5 12. Nxe5 Nxe5 13. Bd2 Bc8 14. h3 f5 15. f4 Nd7 16. g4 fxg4 17. hxg4 Nf6 18. g5 Nh5 19. Kg2 Qd7 20. Rh1 Qg4+ 21. Qxg4 Bxg4 22. Rhf1 Bh8 23. b4 Ng7 24. bxc5 bxc5 25. e4 Nh5 26. Ne2 Rfb8 27. Rb5 Bd7 28. Rb3 Rxb3 29. axb3 Rb8 30. Bc2 e6 31. Nc3 e5 32. f5 Nf4+ 33. Bxf4 exf4 34. f6 h6 35. Rxf4 hxg5 36. Rf1 Kf7 37. e5 dxe5 38. Ne4 Bf5 39. Nxg5+ Kxf6 40. Bxf5 Kxg5 41. Bc2 e4 42. Bxe4 Rxb3 43. d6 Rb6 44. Rd1 Bf6 45. Kf3 Bd4 46. d7 Rd6 47. Bc6 Kf6 48. Ke4 Ke7 49. Ba4 Kd8 50. Rb1 Rb6 51. Rf1 Rf6 52. Rh1 Re6+ 53. Kd5 Ra6 54. Bb5 Rb6 55. Rh4 Kc7 56. Re4 a6 57. Re8 Rd6+ 0-1

[Event "Knighthood Blitz"]
[Site "Vishy Anand Arena"]
[Date "2020.08.01"]
[Round "2"]
[White "Aradhya"]
[Black "Debashisdas"]
[Result "1-0"]
[WhiteElo "2217"]
[BlackElo "2433"]
[PlyCount "111"]
[EventDate "2020.08.01"]
[EventType "swiss (blitz)"]

1. d4 Nf6 2. Nf3 e6 3. c4 b6 4. Nc3 Bb4 5. Bd2 Bb7 6. e3 O-O 7. Bd3 d5 8. O-O dxc4 9. Bxc4 Nbd7 10. a3 Be7 11. Rc1 c5 12. Qe2 a6 13. dxc5 Nxc5 14. b4 Nce4 15. Rfd1 b5 16. Be1 Qb6 17. Bd3 Rfd8 18. Nxe4 Nxe4 19. Nd2 Nf6 20. Nb3 Rac8 21. Na5 Ba8 22. f3 Nd5 23. Rxc8 Rxc8 24. Bf2 Qc7 25. Qd2 Bg5 26. Nb3 Nb6 27. Nc5 a5 28. Bxb5 axb4 29. axb4 Nd5 30. Be2 Rb8 31. Nd3 h6 32. Rc1 Qd6 33. h4 Be7 34. e4 Nxb4 35. Bc5 Qd8 36. Bxe7 Qxe7 37. Nxb4 Bxe4 38. fxe4 Qxb4 39. Qxb4 Rxb4 40. Bf3 g5 41. hxg5 hxg5 42. e5 Rb5 43. Re1 Kg7 44. Bg4 Rb4 45. Bh5 Rh4 46. Bf3 Rf4 47. Re4 Kg6 48. Kf2 Kf5 49. Rxf4+ Kxf4 50. Bh5 Kxe5 51. Bxf7 Kf5 52. Kf3 e5 53. g4+ Kf6 54. Bd5 Ke7 55. Ke4 Kd6 56. Ba2 1-0

[Event "Knighthood Blitz"]
[Site "Vishy Anand Arena"]
[Date "2020.08.01"]
[Round "2"]
[White "Superind2002"]
[Black "Samudragupta"]
[Result "1-0"]
[WhiteElo "2204"]
[BlackElo "2411"]
[Annotator "NA"]
[PlyCount "97"]
[EventDate "2020.08.01"]
[EventType "swiss (blitz)"]

1. e4 Nc6 2. Nf3 d6 3. Nc3 Nf6 4. d4 Bg4 5. Be3 e5 6. d5 Ne7 7. Be2 Ng6 8. Nd2 Bd7 9. O-O Be7 10. a4 O-O 11. a5 a6 12. b4 h6 13. b5 Nh7 14. bxa6 bxa6 15. Na2 c5 16. dxc6 Bxc6 17. Nb4 Bb7 18. Nd5 Bxd5 19. exd5 f5 20. c4 Bg5 21. Bb6 Qe7 22. Nf3 Bf6 23. Rc1 Nf4 24. g3 Nxe2+ 25. Qxe2 e4 26. Nd2 Qf7 27. f3 exf3 28. Nxf3 Rfe8 29. Qd3 Qd7 30. c5 dxc5 31. Bxc5 Ng5 32. Nxg5 Bxg5 33. Rcd1 Re4 34. d6 Kh8 35. Qd5 Rf8 36. Qxe4 fxe4 37. Rxf8+ Kh7 38. Rff1 e3 39. Rfe1 Qe6 40. d7 e2 41. d8=Q Bxd8 42. Rxd8 Qe4 43. Rd2 Qe5 44. Bf2 Qxa5 45. Rdxe2 Qb5 46. Re7 a5 47. Bd4 Kg6 48. Rxg7+ Kf5 49. Re5+ 1-0

[Event "Knighthood Blitz"]
[Site "Vishy Anand Arena"]
[Date "2020.08.01"]
[Round "2"]
[White "Snitin"]
[Black "Gak_chess"]
[Result "1/2-1/2"]
[WhiteElo "2201"]
[BlackElo "2292"]
[PlyCount "116"]
[EventDate "2020.08.01"]
[EventType "swiss (blitz)"]

1. e4 c6 2. Nc3 d5 3. Nf3 dxe4 4. Nxe4 Nf6 5. Qe2 Bg4 6. Nxf6+ gxf6 7. g3 e6 8. Bg2 Nd7 9. d4 Bd6 10. O-O h5 11. Qe4 Bxf3 12. Bxf3 h4 13. c4 hxg3 14. hxg3 f5 15. Qe2 Qf6 16. d5 Ne5 17. dxc6 bxc6 18. Bf4 Rc8 19. Rad1 Nxf3+ 20. Qxf3 Bxf4 21. Qxf4 Qxb2 22. Rfe1 Qf6 23. Qd6 Qe7 24. Qe5 Rh7 25. Rd6 Kf8 26. Red1 Rh6 27. Qc5 Kg7 28. Qe5+ Qf6 29. Qf4 Rch8 30. Kf1 Qb2 31. R1d2 Qb1+ 32. Ke2 Rg6 33. Qe5+ Rf6 34. Rd7 Rh1 35. Kf3 Re1 36. Qf4 Qe4+ 37. Qxe4 fxe4+ 38. Kg2 a5 39. Rc7 e3 40. fxe3 Rxe3 41. Rd4 Rg6 42. g4 Re2+ 43. Kf3 Rxa2 44. Rxc6 a4 45. Ra6 a3 46. c5 Ra1 47. Rc4 Rf6+ 48. Kg2 a2 49. c6 Rff1 50. Rxa2 Rg1+ 51. Kf2 Rgf1+ 52. Ke2 Rfe1+ 53. Kd2 Red1+ 54. Ke2 Re1+ 55. Kf2 Rf1+ 56. Kg2 Rg1+ 57. Kh2 Rh1+ 58. Kg2 Rhg1+ 1/2-1/2

[Event "Knighthood Blitz"]
[Site "Vishy Anand Arena"]
[Date "2020.08.01"]
[Round "2"]
[White "Priyanka Nutakki"]
[Black "Lightsaber"]
[Result "0-1"]
[WhiteElo "2190"]
[BlackElo "2204"]
[PlyCount "76"]
[EventDate "2020.08.01"]
[EventType "swiss (blitz)"]

1. c4 Nf6 2. Nc3 g6 3. g3 Bg7 4. Bg2 O-O 5. d3 d6 6. Nf3 e5 7. O-O Nc6 8. Rb1 Bf5 9. Nd2 Qd7 10. Re1 Bh3 11. Bh1 Rab8 12. b4 Ne7 13. b5 Nh5 14. Nde4 h6 15. f3 Be6 16. Nf2 f5 17. a4 Nf6 18. Bb2 h5 19. e4 h4 20. Nd5 hxg3 21. hxg3 Nh5 22. Kg2 Qd8 23. Qd2 c6 24. Nxe7+ Qxe7 25. d4 f4 26. g4 Ng3 27. dxe5 dxe5 28. Nd3 Rbd8 29. Qc2 Qg5 30. Kf2 Qh4 31. Kg2 Bxg4 32. fxg4 f3+ 33. Kf2 Nxh1+ 34. Kg1 Ng3 35. Qh2 Qxh2+ 36. Kxh2 Rxd3 37. Kxg3 f2+ 38. Kg2 fxe1=Q 0-1

[Event "Knighthood Blitz"]
[Site "Vishy Anand Arena"]
[Date "2020.08.01"]
[Round "2"]
[White "Mandrake"]
[Black "Skkeyan"]
[Result "0-1"]
[WhiteElo "2171"]
[BlackElo "2145"]
[PlyCount "112"]
[EventDate "2020.08.01"]
[EventType "swiss (blitz)"]

1. e4 c6 2. Nf3 d5 3. Nc3 Bg4 4. h3 Bxf3 5. Qxf3 e6 6. g3 Nd7 7. Bg2 Ngf6 8. O-O Bc5 9. Rd1 d4 10. Na4 Be7 11. b3 Ne5 12. Qe2 d3 13. cxd3 Qxd3 14. Nc3 O-O-O 15. Bf1 Qxe2 16. Bxe2 Nd3 17. Kf1 Bc5 18. Bxd3 Rxd3 19. Ke2 Rhd8 20. Bb2 e5 21. Rac1 Bb6 22. Nd5 Nxd5 23. Kxd3 Ne3+ 24. Ke2 Nxd1 25. Rxd1 Bd4 26. Ba3 c5 27. d3 b6 28. f4 f6 29. f5 g5 30. g4 h5 31. Rc1 Kb7 32. Kf3 hxg4+ 33. Kxg4 Rh8 34. b4 b5 35. bxc5 Kc6 36. Bb4 a5 37. Be1 Ra8 38. h4 b4 39. hxg5 Be3 40. Rc2 Bxg5 41. Bf2 a4 42. d4 b3 43. d5+ Kb5 44. Rb2 Bc1 45. Rb1 b2 46. c6 a3 47. Kh5 Rc8 48. Kg6 Bg5 49. Bg3 Rg8+ 50. Kf7 Rh8 51. Ke6 Rh7 52. Bf2 Ra7 53. Bxa7 Ka6 54. c7 Kb5 55. c8=Q Kb4 56. Qb7+ Ka5 0-1

[Event "Knighthood Blitz"]
[Site "Vishy Anand Arena"]
[Date "2020.08.01"]
[Round "2"]
[White "Arghyadip"]
[Black "Dust Tornado"]
[Result "0-1"]
[WhiteElo "2169"]
[BlackElo "2819"]
[Annotator "TA"]
[PlyCount "108"]
[EventDate "2020.08.01"]
[EventType "swiss (blitz)"]

1. d4 d5 2. c4 c6 3. Nc3 Nf6 4. cxd5 cxd5 5. Bf4 Nc6 6. e3 a6 7. Bd3 Bg4 8. Nge2 e6 9. O-O Be7 10. Rc1 O-O 11. a3 Bh5 12. Bg3 Rc8 13. b4 b5 14. Qb3 Bg6 15. Nf4 Nd7 16. Nxg6 hxg6 17. Rc2 Nb6 18. Rfc1 Nc4 19. Bf1 Bd6 20. Ne2 Bxg3 21. hxg3 Ne7 22. Nf4 Nf5 23. Nd3 Nfd6 24. Nc5 Qb6 25. a4 Rfe8 26. Ra2 e5 27. dxe5 Nf5 28. axb5 axb5 29. Ra6 Qb8 30. e6 fxe6 31. Nxe6 Qb7 32. Rca1 Qe7 33. Nf4 d4 34. Nxg6 Qg5 35. exd4 Nxd4 36. Qa2 Re6 37. Nf4 Rh6 38. Rxh6 Qxh6 39. Qa6 Qxa6 40. Rxa6 Nd2 41. Bd3 g5 42. Ne6 Rc1+ 43. Kh2 Nc6 44. Bxb5 Ne5 45. f3 Rc2 46. Nxg5 Ndxf3+ 47. Nxf3 Nxf3+ 48. Kh3 Nd4 49. Bd3 Rc3 50. Be4 Ne2 51. Rg6+ Kf7 52. Rg4 Rc1 53. Kh4 Kf6 54. b5 Rh1# 0-1

[Event "Knighthood Blitz"]
[Site "Vishy Anand Arena"]
[Date "2020.08.01"]
[Round "2"]
[White "Ambitious"]
[Black "Samay Raina"]
[Result "1-0"]
[WhiteElo "2165"]
[BlackElo "1713"]
[PlyCount "63"]
[EventDate "2020.08.01"]
[EventType "swiss (blitz)"]

1. e4 c5 2. Nf3 Nc6 3. d4 cxd4 4. Nxd4 e5 5. Nb5 d6 6. N1c3 a6 7. Na3 b5 8. Nd5 Nf6 9. Bg5 Be7 10. Bxf6 Bxf6 11. c4 Qa5+ 12. Qd2 Qxd2+ 13. Kxd2 Bd8 14. cxb5 axb5 15. Bxb5 Bd7 16. Rhc1 Bg5+ 17. f4 exf4 18. Rxc6 Bxc6 19. Bxc6+ Kd8 20. Bxa8 f3+ 21. Kd3 fxg2 22. Rg1 Bh6 23. Rxg2 Kd7 24. Rc2 Rxa8 25. Nb6+ Ke6 26. Nxa8 Ke5 27. Nc4+ Ke6 28. Nc7+ Kd7 29. Nb6+ Ke7 30. Ncd5+ Ke6 31. Rc7 g6 32. Re7# 1-0

[Event "Knighthood Blitz"]
[Site "Vishy Anand Arena"]
[Date "2020.08.01"]
[Round "2"]
[White "ItsTime"]
[Black "Zokapenzioner"]
[Result "0-1"]
[WhiteElo "2163"]
[BlackElo "1793"]
[PlyCount "94"]
[EventDate "2020.08.01"]
[EventType "swiss (blitz)"]

1. Nf3 c5 2. c4 g6 3. d4 Bg7 4. d5 b5 5. e4 bxc4 6. Bxc4 d6 7. O-O Nf6 8. Nc3 O-O 9. h3 Ba6 10. Nd2 Nfd7 11. Qe2 Qc8 12. Bxa6 Qxa6 13. Qxa6 Nxa6 14. Nc4 Rab8 15. Bd2 Ne5 16. Nxe5 Bxe5 17. Rab1 Nb4 18. Rfd1 Bxc3 19. bxc3 Nxa2 20. Kf1 a5 21. Ke2 a4 22. Kd3 Rb3 23. Rxb3 axb3 24. Rb1 Rb8 25. Kc4 b2 26. Kd3 Nc1+ 27. Kc2 f5 28. exf5 gxf5 29. c4 Kf7 30. Bc3 Ne2 31. Bxb2 Nf4 32. g3 Nxh3 33. Rh1 Nxf2 34. Rxh7+ Kg6 35. Rxe7 Ne4 36. g4 Rb4 37. Re6+ Kg5 38. gxf5 Kxf5 39. Re8 Rxc4+ 40. Kd3 Rb4 41. Rf8+ Kg6 42. Bc1 Nf6 43. Rd8 Rd4+ 44. Kc3 Rxd5 45. Kc4 Rd1 46. Kb5 Ne4 47. Rxd6+ Nxd6+ 0-1

[Event "Knighthood Blitz"]
[Site "Vishy Anand Arena"]
[Date "2020.08.01"]
[Round "2"]
[White "RATHNAKARAN"]
[Black "Padmaesh M K"]
[Result "1-0"]
[WhiteElo "2161"]
[BlackElo "1755"]
[PlyCount "55"]
[EventDate "2020.08.01"]
[EventType "swiss (blitz)"]

1. e4 c5 2. Nf3 d6 3. c3 Nc6 4. d4 cxd4 5. cxd4 Nf6 6. d5 Ne5 7. Nxe5 dxe5 8. Nc3 e6 9. Bg5 exd5 10. Nxd5 Be7 11. Bb5+ Bd7 12. Bxf6 Bxf6 13. Nxf6+ gxf6 14. Bxd7+ Qxd7 15. Qf3 Qe7 16. O-O-O Rc8+ 17. Kb1 Qe6 18. Rd5 O-O 19. Rhd1 Rc6 20. a3 Rfc8 21. Rd8+ Rxd8 22. Rxd8+ Kg7 23. Qg3+ Kh6 24. Rg8 Rc1+ 25. Kxc1 Qc4+ 26. Kb1 Qxe4+ 27. Ka2 Qd5+ 28. Qb3 1-0

[Event "Knighthood Blitz"]
[Site "Vishy Anand Arena"]
[Date "2020.08.01"]
[Round "2"]
[White "himplanet"]
[Black "Johncking"]
[Result "0-1"]
[WhiteElo "2155"]
[BlackElo "2295"]
[PlyCount "92"]
[EventDate "2020.08.01"]
[EventType "swiss (blitz)"]

1. e4 c5 2. Nc3 d6 3. Nge2 Nf6 4. g3 g6 5. Bg2 Bg7 6. d4 cxd4 7. Nxd4 O-O 8. O-O Nc6 9. Nde2 Bd7 10. h3 Rc8 11. a4 Nb4 12. Be3 Bc6 13. Qd2 a5 14. Rfd1 Qc7 15. Nd4 Nd7 16. Rac1 Nc5 17. Nxc6 bxc6 18. Bd4 Bxd4 19. Qxd4 Rb8 20. b3 Ne6 21. Qc4 c5 22. Nd5 Nxd5 23. exd5 Nd4 24. c3 Nxb3 25. Rb1 Nd2 26. Qa2 Nxb1 27. Rxb1 Rxb1+ 28. Qxb1 Rb8 29. Qe4 Rb2 30. h4 h5 31. Bh3 c4 32. Be6 Kg7 33. Qd4+ f6 34. Kg2 Re2 35. Qf4 Qc5 36. g4 Rxe6 37. dxe6 Qd5+ 38. f3 Qxe6 39. gxh5 gxh5 40. Qd2 Qe5 41. Kh3 Qf5+ 42. Kg3 Qg6+ 43. Kf2 Qd3 44. Qf4 Qc2+ 45. Kg3 Qxc3 46. Kf2 Qb2+ 0-1

[Event "Knighthood Blitz"]
[Site "Vishy Anand Arena"]
[Date "2020.08.01"]
[Round "2"]
[White "Tiger27"]
[Black "EvilGenius"]
[Result "0-1"]
[WhiteElo "2153"]
[BlackElo "2728"]
[Annotator "NA"]
[PlyCount "56"]
[EventDate "2020.08.01"]
[EventType "swiss (blitz)"]

1. d4 Nf6 2. c4 e6 3. Nf3 d5 4. Nc3 Nbd7 5. c5 Be7 6. Bf4 O-O 7. e3 c6 8. h3 b6 9. b4 a5 10. a3 Bb7 11. Bd3 Qc8 12. O-O Ba6 13. Bxa6 Rxa6 14. Qd3 Qa8 15. b5 cxb5 16. Nxb5 bxc5 17. Nc7 c4 18. Qc2 Qc6 19. Nxa6 Qxa6 20. Ne5 Nxe5 21. dxe5 Ne4 22. f3 Nc5 23. Rab1 a4 24. e4 d4 25. Bd2 Nb3 26. Bb4 Bxb4 27. axb4 Qb5 28. Rfc1 Nxc1 0-1

[Event "Knighthood Blitz"]
[Site "Vishy Anand Arena"]
[Date "2020.08.01"]
[Round "2"]
[White "lsr"]
[Black "Chess1311"]
[Result "1-0"]
[WhiteElo "2146"]
[BlackElo "1638"]
[Annotator "NA"]
[PlyCount "45"]
[EventDate "2020.08.01"]
[EventType "swiss (blitz)"]

1. d4 d5 2. c4 c6 3. cxd5 cxd5 4. Nc3 Nf6 5. Bf4 Nc6 6. e3 Bf5 7. Qb3 Qd7 8. Nf3 e6 9. Ne5 Qc8 10. Bb5 Be7 11. Qa4 O-O 12. Nxc6 bxc6 13. Bxc6 Bc2 14. b3 a5 15. Rc1 Bd3 16. Bxa8 Qxa8 17. f3 Bb4 18. a3 Bxc3+ 19. Rxc3 Rc8 20. Qxa5 Ba6 21. Rxc8+ Qxc8 22. Kd2 Nd7 23. Rc1 1-0

[Event "Knighthood Blitz"]
[Site "Vishy Anand Arena"]
[Date "2020.08.01"]
[Round "2"]
[White "Shadow_master"]
[Black "Adireddytarun"]
[Result "0-1"]
[WhiteElo "2131"]
[BlackElo "1365"]
[PlyCount "122"]
[EventDate "2020.08.01"]
[EventType "swiss (blitz)"]

1. e4 e5 2. Nf3 Nc6 3. Bb5 Nge7 4. O-O a6 5. Ba4 g6 6. c3 Bg7 7. d4 b5 8. Bb3 d6 9. a4 Bb7 10. Re1 O-O 11. Nbd2 exd4 12. cxd4 Nxd4 13. Nxd4 Bxd4 14. Nf3 Bg7 15. Bg5 Qd7 16. Qd2 Nc6 17. Bh6 Rfe8 18. Bxg7 Kxg7 19. Bd5 Rab8 20. axb5 axb5 21. Qc3+ Ne5 22. Ra7 c6 23. Bb3 Kg8 24. Ng5 Re7 25. f4 Ng4 26. Qh3 h5 27. Qh4 Qc7 28. Raa1 Qb6+ 29. Kf1 Rbe8 30. Qg3 d5 31. h3 Nf6 32. e5 Nd7 33. Qh4 Nf8 34. Re2 f6 35. Nf3 fxe5 36. Nxe5 Rg7 37. Qg5 Qd8 38. Qxd8 Rxd8 39. Ra7 Rb8 40. Kf2 c5 41. Rc2 c4 42. Ba2 d4 43. Rc1 d3 44. Nxc4 Be4 45. Nd2+ Kh8 46. Nxe4 Rxa7 47. Ng5 Rxa2 48. Nf7+ Kg7 49. Ne5 Kf6 50. Kg3 Kf5 51. Rd1 Kf6 52. Rxd3 Kg7 53. Rd6 Kh6 54. Rc6 Rxb2 55. Rc7 Rb3+ 56. Kh2 b4 57. Nf7+ Kg7 58. Ng5+ Kg8 59. Rc6 Kh8 60. Rc7 Kg8 61. Rh7 Nxh7 0-1

[Event "Knighthood Blitz"]
[Site "Vishy Anand Arena"]
[Date "2020.08.01"]
[Round "2"]
[White "Harishankkar"]
[Black "Js3131"]
[Result "0-1"]
[WhiteElo "2126"]
[BlackElo "2393"]
[Annotator "NA"]
[PlyCount "42"]
[EventDate "2020.08.01"]
[EventType "swiss (blitz)"]

1. e4 c5 2. Nf3 d6 3. d4 cxd4 4. Nxd4 a6 5. Nc3 e6 6. Be3 b5 7. a3 Bb7 8. Be2 Nd7 9. O-O Ngf6 10. f3 Rc8 11. Qd2 Be7 12. Rad1 O-O 13. a4 b4 14. Na2 d5 15. Nxb4 dxe4 16. Nxa6 exf3 17. Nxf3 Nd5 18. Bb5 Bxa6 19. Bxa6 Rxc2 20. Bb5 Rxd2 21. Bxd2 Nc5 0-1

[Event "Knighthood Blitz"]
[Site "Vishy Anand Arena"]
[Date "2020.08.01"]
[Round "2"]
[White "Gamechanger"]
[Black "Rishila"]
[Result "1-0"]
[WhiteElo "2117"]
[BlackElo "1869"]
[PlyCount "65"]
[EventDate "2020.08.01"]
[EventType "swiss (blitz)"]

1. d4 Nf6 2. Bg5 c5 3. d5 Ne4 4. Bf4 d6 5. Nd2 Nxd2 6. Qxd2 g6 7. e4 Bg7 8. c3 Nd7 9. Nf3 a6 10. a4 Rb8 11. a5 O-O 12. Bh6 Nf6 13. Bxg7 Kxg7 14. Bd3 Bg4 15. Ng1 b5 16. axb6 Qxb6 17. f3 Bd7 18. Rxa6 e6 19. Rxb6 Rxb6 20. dxe6 Bxe6 21. Ne2 Rfb8 22. O-O Rxb2 23. Qe3 c4 24. Nf4 cxd3 25. Nxe6+ fxe6 26. Qxd3 R8b6 27. g4 Nd7 28. Rf2 Ne5 29. Qd4 Rxf2 30. Kxf2 Rb2+ 31. Kg3 Kf7 32. Qxd6 Kf6 33. g5+ 1-0